00884nam a2200229 i 4500001000700000003000900007005001700016008004100033020001800074080001200092100003600104245019100140250001200331260005100343300003500394504003200429650001400461700004800475700003400523710002000557852007700577189841ES-MaACL20250930063201.0191205s2001 sp a 001 0 spa d a84-605-6417-7 a395:6581 aRueda Cuenca, Fernando, d1958-13aEl protocolo en la sociedad y en la empresa / cFernando Rueda Cuenca, José Carlos Sanjuán Monforte ; prólogo, el vizconde del Castillo de Almansa ; ilustraciones, Antonio Mingote. a2ª ed. aMadrid : bUnión Eléctrica Fenosa, c2001. a210 p. : bil. ; c28 x 15 cm. aBibliografía: p. 205-209. aEtiqueta.1 aSanjuán Monforte, José Carlos (d1962-)1 aMingote, Antonio, d1919-20122 aUnión Fenosa. aES-MaACLjA-14601bR.153014cDEPO1dOlim: N-7601hDonación: Editorial